Flags of Countries With Same-Sex Marriage – Sudden Death - Statistics

General Stats
  • This quiz has been taken 1,064 times
  • The average score is 7 of 18
Answers on the Grid
Answers color-coded by a green-red scale on the quiz's grid according to % correct below.
 
Answer Stats
Answer % Correct
Canada
91%
Australia
86%
Brazil
57%
United Kingdom
52%
Spain
41%
Greece
40%
Switzerland
37%
New Zealand
37%
Estonia
35%
Chile
34%
Portugal
34%
Colombia
30%
Costa Rica
28%
Mexico
26%
South Africa
25%
Thailand
23%
Taiwan
21%
Ecuador
16%
No matching quizzes found
Score Distribution
Percent of People with Each Score
Percentile by Number Answered
Your Score History
You have not taken this quiz